000 00651cam a22002293a 4500
001 4216
003 PGUSA
005 20140828083050.0
008 030701s2003||||xxu|||||s|||||000 | eng d
040 _aPGUSA
_beng
042 _adc
050 4 _aPR
100 1 _aLawrence, D. H.
_q(David Herbert),
_d1885-1930
245 1 0 _aTouch and Go :
_bA Play in Three Acts
_h[electronic resource] /
_cD. H. Lawrence
260 _bProject Gutenberg,
_c2003
506 _aPublic domain in the USA.
516 _aElectronic text
653 _aEnglish drama
830 0 _aProject Gutenberg
_v4216
856 4 0 _uhttp://www.gutenberg.org/ebooks/4216
942 _cEB
999 _c233545
_d233545